| 000 -LEADER |
| fixed length control field |
00797pam a2200265 a 4500 |
| 001 - CONTROL NUMBER |
| control field |
016228890 |
| 003 - CONTROL NUMBER IDENTIFIER |
| control field |
UkOxU |
| 005 - DATE AND TIME OF LATEST TRANSACTION |
| control field |
20230713144826.0 |
| 008 - FIXED-LENGTH DATA ELEMENTS--GENERAL INFORMATION |
| fixed length control field |
040105r20031997enka j 000 1 eng d |
| 015 ## - NATIONAL BIBLIOGRAPHY NUMBER |
| National bibliography number |
GB A3-Z5023 |
| 020 ## - INTERNATIONAL STANDARD BOOK NUMBER |
| International Standard Book Number |
9780749649142 |
| 035 ## - SYSTEM CONTROL NUMBER |
| System control number |
BNB2774.1314 |
| 040 ## - CATALOGING SOURCE |
| Transcribing agency |
BDS |
| Modifying agency |
KH8 |
| 082 0# - DEWEY DECIMAL CLASSIFICATION NUMBER |
| Classification number |
823.914 GOW |
| Edition number |
22 |
| 100 1# - MAIN ENTRY--PERSONAL NAME |
| Personal name |
Gowar, Mick, |
| Dates associated with a name |
1951- |
| Relator term |
Author |
| 245 10 - TITLE STATEMENT |
| Title |
Up the tree! / |
| Statement of responsibility, etc. |
Mick Gowar & Lesley Harker. |
| 260 ## - PUBLICATION, DISTRIBUTION, ETC. |
| Place of publication, distribution, etc. |
London : |
| Name of publisher, distributor, etc. |
Franklin Watts, |
| Date of publication, distribution, etc. |
2003. |
| 300 ## - PHYSICAL DESCRIPTION |
| Extent |
21 p. : |
| Other physical details |
chiefly col. ill. ; |
| Dimensions |
21 cm. |
| 500 ## - GENERAL NOTE |
| General note |
Originally published: 1997. |
| 650 #0 - SUBJECT ADDED ENTRY--TOPICAL TERM |
| Topical term or geographic name entry element |
Trees |
| Form subdivision |
Pictorial works |
| -- |
Juvenile fiction. |
| 650 #0 - SUBJECT ADDED ENTRY--TOPICAL TERM |
| Topical term or geographic name entry element |
Up (The English word) |
| Form subdivision |
Pictorial works |
| -- |
Juvenile fiction. |
| 700 1# - ADDED ENTRY--PERSONAL NAME |
| Personal name |
Harker, Lesley. |
| Relator term |
Author |
| 830 #0 - SERIES ADDED ENTRY--UNIFORM TITLE |
| Uniform title |
Me and my world |
| 942 ## - ADDED ENTRY ELEMENTS (KOHA) |
| Source of classification or shelving scheme |
|
| Koha item type |
Books |